Những kiến thức cơ bản về mạng và Internet
v.v...
Đã lưu trong:
| Tác giả chính: | |
|---|---|
| Định dạng: | Sách |
| Năm xuất bản: |
H.
Thống kê
2002
|
| Chủ đề: | |
| Tags: |
Thêm thẻ
Không có thẻ, Hãy là người đầu tiên gắn thẻ bản ghi này!
|
| LEADER | 00569nam a2200169 4500 | ||
|---|---|---|---|
| 082 | |a 004.67 |b B102Đ | ||
| 100 | |a Bạch Đình Vinh | ||
| 245 | |a Những kiến thức cơ bản về mạng và Internet |c Bạch Đình Vinh | ||
| 260 | |a H. |b Thống kê |c 2002 | ||
| 300 | |a 114tr. |c 21cm. | ||
| 520 | |a v.v... | ||
| 653 | |a Mạng máy tính | ||
| 653 | |a Tin học | ||
| 653 | |a Internet | ||
| 942 | |2 ddc |c SH | ||
| 999 | |c 7452 |d 7452 | ||
| 952 | |0 0 |1 0 |2 ddc |4 0 |6 004_670000000000000_B102Đ |7 0 |8 000 |9 67784 |a qbu |b qbu |c D2 |d 2015-02-10 |g 10000 |o 004.67 B102Đ |p 7267.c1 |r 0000-00-00 |w 2015-02-10 |y SH | ||